000 00472 a2200157 4500
999 _c7735
_d7735
020 _a9781444174373
050 _aJA71 OKS 2013
100 _aOksala, Johanna,
_d 1966-
_eauthor
245 _aPolitical philosophy /
_cJohanna Oksala
264 _aLondon :
_bHodder Education,
_c2013.
300 _a149 pages : illustrations ; 18 cm.
440 _aAll that matters.
500 _alncludes index
650 _aPolitical science -- Philosophy.
942 _2lcc
_cBK
_h71
_iOKS
_kJA